Statistics for Countries, US States, Capitals, Elements, 100 Most Common Words: with most letters A-Z

Click here to take the quiz!

General Stats

  • This quiz has been taken 369 times
  • The average score is 35 of 52

Answer Stats

ANSWER% Correct
100% - A
100%
50% - An, In, Neon, No, On
92%
50% - Do, Go, Good, Kosovo, Look, No, Of, Ohio...
90%
100% - I
89%
50% - As, So, Us
88%
1 - Andorra la Vella, Antananarivo, Bolivia,…
86%
50% - Be, By
84%
1 - Equatorial Guinea, Iraq, Mozambique, Qat…
83%
2 - Abu Dhabi, Addis Ababa, Antigua and Barb…
82%
50% - At, It, That, To
82%
50% - Up, Us
80%
1 - Luxembourg, Luxembourg, Mexico, Mexico C…
78%
50% - Do
78%
50% - Me, My
77%
50% - Go
75%
50% - We
75%
50% - He
73%
20% - Texas, Xenon
72%
3 - Bujumbura, Kuala Lumpur, Ouagadougou, Ur…
72%
50% - By, My
71%
50% - If, Of
71%
25% - Fiji, Juba, Just
70%
3 - Central African Republic, Harrisburg, Ru…
68%
3 - Federated States of Micronesia, Saint Ki…
67%
5 - Antigua and Barbuda, Sri Jayawardenapura…
67%
2 - Aluminium, Americium, Amman, Amsterdam, …
66%
2 - Bangkok, Bishkek, Kazakhstan, Kentucky, …
66%
2 - Kyrgyzstan, Naypyidaw, Pyongyang
66%
25% - Iraq
65%
4 - Massachusetts, Mississippi
65%
2 - Georgetown, Georgia, Georgia, Ouagadougo…
64%
25% - Even, Give, Have, Kiev, Over, Suva
63%
4 - Mississippi
63%
2 - Brazzaville
61%
4 - Democratic Republic of the Congo
61%
4 - Democratic Republic of the Congo
61%
2 - Warsaw
60%
50% - Or
60%
50% - Up
60%
25% - Zinc
59%
2 - Federated States of Micronesia, Frankfor…
58%
3 - Philippines
56%
40% - Accra
54%
67% - All
54%
67% - See
54%
5 - Federated States of Micronesia
48%
6 - Saint Vincent and the Grenadines
46%
3 - Andorra la Vella, Libreville, Marshall I…
45%
2 - Ljubljana
41%
2 - New Hampshire, Phnom Penh, Phosphorus, T…
37%
3 - Trinidad and Tobago
35%
29% - Bangkok, Bishkek
32%

Score Distribution

Percentile by Number Answered

Percent of People with Each Score

Your Score History

You have not taken this quiz